Experiments in hydraulic engineering / (Record no. 64404)

MARC details
000 -LEADER
fixed length control field 00751nam a22002297a 4500
005 - DATE AND TIME OF LATEST TRANSACTION
control field 20130710122529.0
010 ## - LCCN (DPL NO)
LC control number ENG-104891
020 ## - INTERNATIONAL STANDARD BOOK NUMBER
International Standard Book Number 9788120345331
Terms of availability 225.00
035 ## - SYSTEM CONTROL NUMBER
System control number EN-88424
035 ## - SYSTEM CONTROL NUMBER
System control number B-491862
037 ## - SOURCE OF ACQUISITION
Source of stock number/acquisition DBAD/PUB
037 ## - SOURCE OF ACQUISITION
Source of stock number/acquisition Janvani Prakashan/Ven
Stock number dpl
082 ## - DEWEY DECIMAL CLASSIFICATION NUMBER
Classification number 627
100 ## - MAIN ENTRY--PERSONAL NAME
Personal name Sarbjit Singh
245 ## - TITLE STATEMENT
Title Experiments in hydraulic engineering /
Statement of responsibility, etc by Sarbjit Singh
260 ## - PUBLICATION, DISTRIBUTION, ETC. (IMPRINT)
Place of publication, distribution, etc New Delhi
Name of publisher, distributor, etc PHI Learning
Date of publication, distribution, etc 2012
270 ## - ADDRESS
Address M-97, Connaught Circus
City New Delhi
Postal code 110001
300 ## - PHYSICAL DESCRIPTION
Extent vii,143p. :
Dimensions 28cm(pbk)
Other physical details ill.
650 ## - SUBJECT ADDED ENTRY--TOPICAL TERM
Topical term or geographic name as entry element Hydraulic engineering
942 ## - ADDED ENTRY ELEMENTS (KOHA)
Source of classification or shelving scheme Dewey Decimal Classification
Item type English Books
Classification part 627
Call number suffix SAR
Holdings
Withdrawn status Lost status Not for loan Collection code Home library Current library Date acquired Source of acquisition Cost, normal purchase price Full call number Barcode Copy number Cost, replacement price Koha item type
    Not For Loan Non-fiction D.B.Act.Division D.B.Act.Division 26/03/2012 DBAD/PUB 225.00 627 SAR EN-88424 1 225.00 English Books
      Non-fiction Sarojini Nagar Sarojini Nagar 10/07/2013 Janvani/6152/1/14.01.2013/119/18.12.2012/18.01.2013 225.00 627 SAR B-491862 1 225.00 English Books

© Delhi Public Library
Hit Counter
free hit counter